00370nam a2200145Ia 4500008004100000020001500041041001200056082001600068100001900084245005800103260002500161300000800186650001600194700001400210221030s9999 xx 000 0 und d a0074634429 aEnglish a105.23bVen aK. R. Vengopal 0aProgramming with pascalcby K. R. Vengopal, C. M.Maya bTMHaNew Delhic2001 a528 aBE Computer aC. M.Maya